EA FC 25 - FIFA 23 Piłkarze oceniani na 90+ - Statystyki

Ogólne statystyki
  • Ten quiz został rozwiązany 219 razy
    217 od ostatniego zresetowania
  • Średni wynik to 23 z 25
Statystyki odpowiedzi
Gra Ocena Ogólna Drużyna Piłkarz % Poprawnych
EA FC 25 91 Erling Haaland
98%
EA FC 24 91 Erling Haaland
98%
EA FC 25 91 Kylian Mbappe
98%
EA FC 24 91 Kylian Mbappe
98%
FIFA 23 91 Kylian Mbappe
98%
EA FC 24 90 Lionel Messi
97%
FIFA 23 91 Lionel Messi
97%
EA FC 24 90 Karim Benzema
95%
FIFA 23 91 Karim Benzema
95%
EA FC 25 90 Harry Kane
93%
EA FC 24 90 Harry Kane
93%
FIFA 23 90 Mohamed Salah
93%
EA FC 24 90 Robert Lewandowski
92%
FIFA 23 91 Robert Lewandowski
92%
EA FC 25 90 Vinicius Jr.
92%
EA FC 25 90 Kevin De Bruyne
87%
EA FC 24 91 Kevin De Bruyne
87%
FIFA 23 91 Kevin De Bruyne
87%
EA FC 25 91 Rodri
86%
FIFA 23 90 Cristiano Ronaldo
85%
EA FC 25 90 Jude Bellingham
83%
FIFA 23 90 Virgil van Dijk
82%
FIFA 23 90 Manuel Neuer
80%
EA FC 24 90 Thibaut Courtois
76%
FIFA 23 90 Thibaut Courtois
76%
Nie znaleziono quizów pasujących do podanych kryteriów
Rozkład punktacji
Procent ludzi z każdym wynikiem
Percentyl według liczby udzielonych odpowiedzi
Twoja historia wyników
Nie rozwiązałeś tego quizu od ostatniego zresetowania